عرض عادي
عرض مارك
- Abu Zneit, Rushdi S.
مدخل إسم شخص
001 - رقم الضبط
- حقل الضبط: 3290
003 - معرف رقم الضبط
- حقل الضبط: OSt
005 - تاريخ ووقت أخر عملية
- حقل الضبط: 20110826112439.0
008 - عناصر بيانات ثابتة الطول
- حقل تحكم ثابت الطول: 110826|||a|||||| | ||| d
040 ## - مصدر الفهرسة
- هيئة الفهرسة الأصلية: OSt
- وكالة الكتابة: OSt
100 ## - مدخل -- أسم شخص
- إسم شخص: Abu Zneit, Rushdi S.
670 ## - بيانات المصدر موجوده
- الاستشهاد بالمصدر: Work cat.: (OSt): Rasras, Rashad J. 3287, Data Structures and an Introduction to Algorithms : Lab Manual =, 2010
